Statistics for Which Country Has The Biggest Population?

Click here to take the quiz!

General Stats

  • This quiz has been taken 46 times
  • The average score is 11 of 20

Answer Stats

QuestionAnswer% Correct
Which country is more populated?Lithuania
91%
Which country is more populated?South Africa
78%
Which country is more populated?Ghana
72%
Which country is more populated?Austria
66%
Which country is more populated?Pakistan
66%
Which country is more populated?Thailand
66%
Which country is more populated?El Salvador
63%
Which country is more populated?Egypt
59%
Which country is more populated?Israel
59%
Which country is more populated?Lesotho
59%
Which country is more populated?Croatia
56%
Which country is more populated?Denmark
56%
Which country is more populated?Turkey
56%
Which country is more populated?Bahamas
53%
Which country is more populated?Spain
53%
Which country is more populated?Colombia
47%
Which country is more populated?Qatar
47%
Which country is more populated?Costa Rica
38%
Which country is more populated?Luxembourg
34%
Which country is more populated?Czech Republic
28%

Score Distribution

Percentile by Number Answered

Percent of People with Each Score

Your Score History

You have not taken this quiz